Κατάλογος Βιβλιοθηκών Mediterranean College

Διοίκηση Προσωπικού (Record no. 3760)

MARC details
000 -LEADER
fixed length control field 01217cam a22001934a 4500
005 - ΗΜΕΡΟΜΗΝΙΑ ΚΑΙ ΩΡΑ ΤΕΛΕΥΤΑΙΑΣ ΕΝΗΜΕΡΩΣΗΣ
Πεδίο ελέγχου 20250605164124.0
008 - FIXED-LENGTH DATA ELEMENTS--GENERAL INFORMATION
Πεδίο ελέγχου σταθερού μήκους 250528s ||||||||||||||||||||||||d
035 ## - SYSTEM CONTROL NUMBER
System control number 18399
020 ## - ISBN
ISBN 9603431915
040 ## - ΠΗΓΗ ΚΑΤΑΛΟΓΟΓΡΑΦΗΣΗΣ
Φορέας πρωτότυπης καταλογογράφησης MC Athens Campus Library
Γλώσσα καταλογογράφησης Ελληνικά, Μοντέρνα (1453-)
Modifying agency MC Athens Campus Library
Κανόνες περιγραφικής καταλογογράφησης AACR2
245 1# - ΤΙΤΛΟΣ ΚΑΙ ΔΗΛΩΣΗ ΥΠΕΥΘΥΝΟΤΗΤΑΣ
Τίτλος Διοίκηση Προσωπικού
260 ## - PUBLICATION, DISTRIBUTION, ETC.
Name of publisher, distributor, etc. Αδελφών Κυριακίδη Α.Ε,
Date of publication, distribution, etc. 1995
300 ## - PHYSICAL DESCRIPTION
Extent 360
520 ## - SUMMARY, ETC.
Summary, etc. Πρόλογος, Η Ανθρώπινη Συμπεριφορά μέσα στις Οργανώσεις, Επιλογή και Εκπαίδευση Προσωπικού, Υποκίνηση, Ηγεσία, Σχεδιασμός Έργου, Ανταμοιβές και Πειθαρχικές ποινές, Αξιολόγηση Προσωπικού, Δημιουργία και Ρόλος των Μικρών Ομάδων, Υγιεινή και Ασφάλεια στον Εργασιακό Χώρο, Εργασιακές Σχέσεις, Συμμετοχή των Εργαζομένων στη Διοίκηση των Επιχειρήσεων, Ελληνική και Ξένη Βιβλιογραφία.
700 1# - ΠΡΟΣΘΕΤΗ ΑΝΑΓΡΑΦΗ--ΦΥΣΙΚΟ ΠΡΟΣΩΠΟ
Personal name Ξυροτήρη-Κουφίδου Στυλιανή
9 (RLIN) 4673
942 ## - ADDED ENTRY ELEMENTS (KOHA)
Koha item type Books
Holdings
Τύπος τεκμηρίου Βιβλιοθήκη Τρέχουσα τοποθεσία Barcode Αριθμός εισαγωγής Ημερομηνία απόκτησης Ταξιθετικό σύμβολο Αριθμός αντιτύπου Κατάσταση απόσυρσης Κατάσταση χαμένου Κατάσταση κατεστραμμένου Μη δανεισμός Σύνολο δανεισμών Ημερομηνία τελευταίας εμφάνισης Η τιμή ισχύει από
Books MC Athens Campus Library MC Athens Campus Library 9780000037596 3068 05/06/2025 658.3 KSI 1           05/06/2025 05/06/2025

MC Athens Campus Library
Πατησίων 94 & Κοδριγκτώνος 13, 104 34
Πελλήνης 8 & Πατησίων 107, 112 51
Τ: +30 210 8899600

MC Thessaloniki Campus Library
Ίωνος Δραγούμη 21, 54625 | Ίωνος Δραγούμη 15, 54625
Τ: +30 2310 287779 – Τ: +30 2314 440300